Consolidating unity and peace in Africa / (Record no. 5421)

MARC details
000 -LEADER
fixed length control field 01371cam a2200361 a 4500
001 - CONTROL NUMBER
control field 14045376
005 - DATE AND TIME OF LATEST TRANSACTION
control field 20060302083046.0
008 - FIXED-LENGTH DATA ELEMENTS--GENERAL INFORMATION
fixed length control field 040909s2004 ke b 000 0 eng
010 ## - LIBRARY OF CONGRESS CONTROL NUMBER
LC control number 2004410699
020 ## - INTERNATIONAL STANDARD BOOK NUMBER
International Standard Book Number 9966836306
035 ## - SYSTEM CONTROL NUMBER
System control number (DLC) 2004410699
040 ## - CATALOGING SOURCE
Original cataloging agency DLC
Transcribing agency DLC
Modifying agency DLC
042 ## - AUTHENTICATION CODE
Authentication code lcode
043 ## - GEOGRAPHIC AREA CODE
Geographic area code f------
050 00 - LIBRARY OF CONGRESS CALL NUMBER
Classification number HN780.Z9
Item number C66 2004
082 00 - DEWEY DECIMAL CLASSIFICATION NUMBER
Classification number 261.8/73
Edition number 22
100 1# - MAIN ENTRY--PERSONAL NAME
Personal name Banzikiza, Constance R.
245 10 - TITLE STATEMENT
Title Consolidating unity and peace in Africa /
Statement of responsibility, etc Constance Bansikiza.
260 ## - PUBLICATION, DISTRIBUTION, ETC. (IMPRINT)
Place of publication, distribution, etc Eldoret, Kenya :
Name of publisher, distributor, etc AMECEA Gaba Publications,
Date of publication, distribution, etc 2004.
300 ## - PHYSICAL DESCRIPTION
Extent xiv, 188 p. ;
Dimensions 21 cm.
440 #0 - SERIES STATEMENT/ADDED ENTRY--TITLE
Title AMECEA Gaba Publications spearhead ;
Volume number/sequential designation nos. 167-169
504 ## - BIBLIOGRAPHY, ETC. NOTE
Bibliography, etc Includes bibliographical references (p. [183]-188).
650 #0 - SUBJECT ADDED ENTRY--TOPICAL TERM
Topical term or geographic name as entry element Conflict management
Geographic subdivision Africa.
650 #0 - SUBJECT ADDED ENTRY--TOPICAL TERM
Topical term or geographic name as entry element Peace
Geographic subdivision Africa.
650 #0 - SUBJECT ADDED ENTRY--TOPICAL TERM
Topical term or geographic name as entry element Peace-building
Geographic subdivision Africa.
650 #0 - SUBJECT ADDED ENTRY--TOPICAL TERM
Topical term or geographic name as entry element Peace
General subdivision Religious aspects
-- Christianity.
650 #0 - SUBJECT ADDED ENTRY--TOPICAL TERM
Topical term or geographic name as entry element Church and social problems
Geographic subdivision Africa.
856 41 - ELECTRONIC LOCATION AND ACCESS
Materials specified Table of contents
Uniform Resource Identifier <a href="http://www.loc.gov/catdir/toc/fy0604/2004410699.html">http://www.loc.gov/catdir/toc/fy0604/2004410699.html</a>
906 ## - LOCAL DATA ELEMENT F, LDF (RLIN)
a 7
b cbc
c origode
d 3
e ncip
f 20
g y-gencatlg
942 ## - ADDED ENTRY ELEMENTS (KOHA)
Source of classification or shelving scheme Library of Congress Classification
Item type Book
Holdings
Withdrawn status Lost status Source of classification or shelving scheme Damaged status Not for loan Collection code Home library Current library Shelving location Date acquired Total Checkouts Full call number Barcode Date last borrowed Price effective from Koha item type
    Library of Congress Classification     Non-fiction Bishop Okullu Memorial Library (Limuru Campus) Bishop Okullu Memorial Library (Limuru Campus) General Circulation 15/12/2008 17 HN780 .Z9 C66 2004 014748 26/01/2019 15/12/2008 Book